000 00376pab a2200133 454500
008 180718b1983 xxu||||| |||| 00| 0 eng d
100 _aAcharya, Sarthi
245 _aThe informal sector in developing countries - a macro viewpoint
260 _c1983
300 _a432-45
650 _aUnemployment - Underdeveloped
773 _aJournal of Contemporary Asia
909 _a20018
999 _c20018
_d20018